000 00578nam a2200217Ia 4500
005 20250508163937.0
008 008 250505s9999 xx 000 0 hin d
037 _aTextBook
040 _aFEDL
_beng
_cFEDL
041 _ahin
_2eng
084 _a410, NAR/R
_qFEDL
100 _aNarang Vaishna
245 0 _aSaamanya bhasha vigyan
250 _a2 rev
260 _aNew Delhi, India
_bShitij Prakashan
_c1996
300 _aviii,194p
365 _aINR
_b160
546 _aAcc No. 087143 is RSPEE BOOK
942 _cTB
_h410, NAR/R
999 _c1386213
_d1386213